00382nam a2200181Ia 4500003000900000008004100009040001300050040001300063041000800076100002400084245001100108250001100119260003400130260000900164300001100173300001000184490000600194IT-RoPAU120407s9999 xx 000 0 und d aIT-RoPAU cIT-RoPAU aita aFrancesco Spadafora aPilato aRovigo aIstituto Padano Arti Grafiche c1973 a215 p. c22 cm v1